000 01526nam2a22002411 4500
001 rc\411979
005 20250621165155.0
035 _a(NLR Aleph) 005815551
090 _a5427081
_c5427081
100 _a20030616d1988 |||y0rusy50 ca
101 0 _arus
102 _aRU
105 _aa |||||||||
200 0 _aЧ. 1
210 _d1988
_aБ. м.
215 _a54 с.
_cил.
320 _aБиблиогр.: с. 53-54
461 0 _1001rc\411978
_12001#$aОсновы метрологии и измерительная техника$eТексты лекций для спец. "Конструирование и пр-во радиоэлектрон. аппаратуры" и "Конструирование и пр-во электрон.-вычислит. аппаратуры"$fМ-во высш. и сред. спец. образования БССР$vЧ. 1
_1700#1$aАрхипенко$bА.Г.$gАнатолий Григорьевич
_95427075
_aАрхипенко, А.Г.
_cМинск
_d1988-
_fМ-во высш. и сред. спец. образования БССР
_nМРТИ
_oТексты лекций для спец. "Конструирование и пр-во радиоэлектрон. аппаратуры" и "Конструирование и пр-во электрон.-вычислит. аппаратуры"
_tОсновы метрологии и измерительная техника
_vЧ. 1
801 0 _aRU
_bNLR
_gpsbo
801 1 _aRU
_bELAR
_2rusmarc
852 _aNLR
_j88-4/24999
942 _cBOOK
980 _aNB